000 00259nam a2200085Ia 4500
245 0 _aAssessment centres : unlocking potential for growth
100 _a Roodt, Gert Randburg, South Africa, 2008
942 _cBK
008 210819s9999 xx 000 0 und d
999 _c300036
_d300035